banner-ar

علم اجتماع المسرح : (Record no. 7786)

MARC details
000 -الفاتح
حقل البيانات ثابتة الطول 01022nam a2200253Ia 4500
008 - عناصر البيانات ثابتة الطول - معلومات عامة
حقل البيانات ثابتة الطول 140319s9999 xx 000 0 ara d
020 ## - الرقم الدولى المعيارى للكتب
الرقم الدولى المعيارى للكتاب 7838305977
040 ## - مصدر الفهرسة
وكالة الفهرسة الأصلية GCL /
وكالة النسخ GCL
082 04 - رقم تصنيف ديوى العشرى
رقم التصنيف 792.09
رقم المادة ج ع
100 1# - المدخل الرئيسى - إسم شخصى
الإسم الشخصى عصام عبدالعزيز
245 10 - بيان العنوان
العنوان علم اجتماع المسرح :
بقية العنوان ( رسم تاريخى تخطيطى لعلم الاجتماع فى فرع من فروع الفن - المسرحية ) /
بيان المسئوليه,etc عصام عبدالعزيز
700 1# - المدخل الاضافى - اسم شخصى
الإسم الشخصى جيرج ، سكاى
700 1# - المدخل الاضافى - اسم شخصى
الإسم الشخصى كمال الدين عيد
250 ## - بيان الطبعة
بيان الطبعة الاولى
260 ## - PUBLICATION, DISTRIBUTION, ETC. (IMPRINT)
تاريخ النشر أو التوزيع 2005
300 ## - الوصف المادى
التعداد 575+637ص ؛
أبعاد الوعاء 24سم
650 04 - المدخل الاضافى بالموضوع-مصطلح موضوعى
مصطلح موضوعي المسرحيات
650 04 - المدخل الاضافى بالموضوع-مصطلح موضوعى
مصطلح موضوعي التمثيل فى المسرح
650 04 - المدخل الاضافى بالموضوع-مصطلح موضوعى
مصطلح موضوعي المسرحية - تاريخ ونقد
650 04 - المدخل الاضافى بالموضوع-مصطلح موضوعى
مصطلح موضوعي المسرح - الجوانب الاجتماعية
650 04 - المدخل الاضافى بالموضوع-مصطلح موضوعى
مصطلح موضوعي الثقافة المسرحية
942 ## - عناصر المدخل الإضافي( كوها)
مصدر التصنيف او مخطط الترفيف Dewey Decimal Classification
Koha [default] item type كتاب
260 ## - PUBLICATION, DISTRIBUTION, ETC. (IMPRINT)
-- القاهرة :
-- وزارة الثقافة - مهرجان القاهرة الدولى للمسرح التجريبى ،
Holdings
حالة التراجع حالة الفقد حالة تلف ليس للاعارة المكان المؤقت الموقع الحالى تاريخ الاكتساب اجمالي اﻻعارات رقم الطلب الباركود تاريخ اخر مشاهدة تاريخ تفعيل السعر نوع وعاء كوها
        مكتبة القاهرة الكبرى مكتبة القاهرة الكبرى 03/26/2014   792.09\ج ع 16010 03/26/2014 03/26/2014 كتاب
        مكتبة القاهرة الكبرى مكتبة القاهرة الكبرى 03/26/2014   792.09\ج ع 16011 03/26/2014 03/26/2014 كتاب
        مكتبة القاهرة الكبرى مكتبة القاهرة الكبرى 03/26/2014   792.09\ج ع 16012 03/26/2014 03/26/2014 كتاب

Powered By

EGPV